| 000 | 00499nam a22001697a 4500 | ||
|---|---|---|---|
| 999 |
_c4429 _d4429 |
||
| 003 | GBCCL | ||
| 005 | 20241126110518.0 | ||
| 008 | 180122b xxu||||| |||| 00| 0 eng d | ||
| 040 | _cgbc | ||
| 082 |
_a226.9007 _bMAS |
||
| 100 |
_aMaster, John R. _98295 |
||
| 245 |
_aLessons for Living: _bThe Sermon on the Mount / _cJohn R. Master |
||
| 260 |
_bRegular Baptist Press, _aIllinois: _c1983 |
||
| 300 |
_a127 p.; _c18 cm. |
||
| 650 |
_aBible _vNew Testament _xSermon on the Mount _98296 |
||
| 942 |
_2ddc _cBK _01 |
||